Budovanie konkurenčného informačného systému v prostredí e-businessu

Bibliographic Details
Main Author: Miklošík, Andrej, 1980- (Author)
Format: Article
Language:Slovak
PhysicalDescription:Sch.
ISBN:9788022524704
Subjects:

MARC

LEADER 00000naa a2200000 ar4500
001 vtls009940775
003 SK-MaSNL
005 20260302144939.0
008 090818c2007 xo mr|p|||||||000 b|slo
015 |a SNBRA2009/08  |2 snkbucl 
038 |a SNKBUCL 
040 |a SNKBUCL  |b slo  |c SNKBUCL  |e AACR2 
041 0 |a slo  |b eng 
044 |a xo  |c SK 
080 |a 339.162:004.738.5  |2 2001 
080 |a 339.137.2:659.23  |2 2001 
080 |a 659.23:339.137.2  |2 2001 
080 |a 004.738.5  |2 2001 
080 |a 004.6  |2 2001 
100 1 |a Miklošík, Andrej,  |d 1980-  |4 aut  |9 159708 
245 1 0 |a Budovanie konkurenčného informačného systému v prostredí e-businessu  |c Andrej Miklošík 
300 |b Sch. 
504 |a Bibliogr. odkazy 
546 |a Res. angl. 
650 0 7 |a elektronický obchod  |2 snkbucl  |9 3918 
650 0 7 |a konkurenčné spravodajstvo  |2 snkbucl  |9 834083 
650 0 7 |a informačné zdroje  |2 snkbucl  |9 1495 
650 0 7 |a informačné systémy  |2 snkbucl  |9 1128 
773 0 |t Marketingové spravodajstvo orientované na konkurenciu z pohľadu teórie a praxe  |d Bratislava : Ekonóm, 2007  |g S. 63-72  |z 9788022524704 
852 |a SNK  |b KIS3GCP 
958 |a NB 
999 |c 1351771  |d 1353701